| 000 | 00958nas a2200301 4500 | ||
|---|---|---|---|
| 001 | BR2010001387 | ||
| 003 | BR-BrBNA | ||
| 005 | 20231205113943.0 | ||
| 007 | ta | ||
| 008 | 230509b bl.|||p| |||| 00| 00por d | ||
| 040 |
_aBR-BrBNA _bpor _cBiblioteca Nacional de Agricultura |
||
| 041 | _a(Pt) | ||
| 072 | _aQ03 | ||
| 100 | 1 | _aSilva, A. de P.V. da | |
| 100 | 1 | _aMelo, M.V.C. | |
| 100 | 1 | _aTorres, C.A. | |
| 245 | 1 | _aAvaliação parasitológica de leite pasteurizado tipo "C" padronizado e leite in natura, comercializados no município de Eusébio, CE | |
| 650 | _aLEITE PASTEURIZADO | ||
| 650 | _aANÁLISE MICROBIOLÓGICA | ||
| 650 | _aCONTAMINAÇÃO | ||
| 650 | _aPROTOZOÁRIO | ||
| 650 | _aHELMITO | ||
| 650 | _aSAÚDE PÚBLICA | ||
| 650 | _aCEARÁ | ||
| 773 | 0 |
_tHigiene Alimentar (Brazil) _xISSN 0101-9171 _g(Sep-Oct 2009), v. 23(176-177) p. 118-122 _wBR2010001387 |
|
| 909 |
_a202311 _bLúcia _c55 _dLúcia Elande |
||
| 942 |
_2AGRIS _n0 _cANA |
||
| 999 |
_c206431 _d206431 |
||